20 English Words That Come from India Quiz Stats

 Plays Quiz Updated Nov 8, 2017

Support Sporcle.
Go Orange.
Score 0/20 Timer 05:00
14 Plays Today
% Correct
Pajamas
96.8%
Polo
95.2%
Yoga
95%
Shampoo
94.8%
Cheetah
94.8%
Jungle
93.9%
Bandana
93.2%
Khaki
92.7%
Nirvana
92.6%
Chutney
92.2%
% Correct
Loot
91.5%
Veranda
90.9%
Cot
90.4%
Avatar
88.5%
Dinghy
87.4%
Cummerbund
85.7%
Juggernaut
85.3%
Pariah
84.2%
Atoll
83%
Pundit
82.1%

You're not logged in!

Compare scores with friends on all Sporcle quizzes.
OR
Log In

From the Vault

US Cities by Region: Northeast

by Unidentifiedkiwi

This is like a nor'easter for your mind.
Remove Ads.
Support Sporcle.
Get the best of Sporcle when you Go Orange. This ad-free experience offers more features, more stats, and more fun while also helping to support Sporcle. Thank you for becoming a member.

Show Comments

Extras

Top Quizzes Today


Score Distribution

Your Account Isn't Verified!

In order to create a playlist on Sporcle, you need to verify the email address you used during registration. Go to your Sporcle Settings to finish the process.

Report this User

Report this user for behavior that violates our Community Guidelines.

Details: